Normal view
MARC view
Entry Personal Name
001 - CONTROL NUMBER
- control field: 22876
003 - CONTROL NUMBER IDENTIFIER
- control field: ARRUPE
005 - DATE AND TIME OF LATEST TRANSACTION
- control field: 20160315100934.0
008 - FIXED-LENGTH DATA ELEMENTS
- fixed length control field: 160315|| aca||aabn | a|a d
040 ## - CATALOGING SOURCE
- Original cataloging agency: ARRUPE
- Transcribing agency: ARRUPE
100 ## - HEADING--PERSONAL NAME
- Personal name: McFarland, Ian A.
- Fuller form of name: (Ian Alexander),
- Dates associated with a name: 1963-
670 ## - SOURCE DATA FOUND
- Source citation: Work cat.: (ARRUPE)0: McFarland, Ian A. (Ian Alexander), 1963-, The divine image :, c2005.